All 1k+ Cities in Campania - Statistics

General Stats
  • This quiz has been taken 72 times
  • The average score is 35 of 469
Answers on the Map
Answers color-coded by a green-red scale on the quiz's map according to % correct below.
 
Answer Stats
Population Answer % Correct
959477 Napoli
73%
125797 Salerno
64%
4933 Amalfi
45%
23902 Pompei
45%
62775 Afragola
36%
48104 Avellino
36%
48931 Benevento
36%
72844 Caserta
36%
80269 Giugliano in Campania
36%
14724 Sorrento
36%
53578 Acerra
27%
1704 Ariano
27%
52830 Aversa
27%
47104 Battipaglia
27%
6770 Capri
27%
65730 Castellammare di Stabia
27%
48127 Cava Dè Tirreni
27%
26183 Eboli
27%
53576 Ercolano
27%
1237 Pietre
27%
45575 Pozzuoli
27%
6716 Sapri
27%
85897 Torre del Greco
27%
17335 Agropoli
18%
6403 Anacapri
18%
31632 Angri
18%
1114 Apollosa
18%
1695 Aquilonia
18%
8974 Atripalda
18%
7372 Avella
18%
25590 Bacoli
18%
26861 Boscoreale
18%
10331 Boscotrecase
18%
34604 Caivano
18%
1258 Camerota
18%
2782 Campagna
18%
15438 Capua
18%
20589 Casal di Principe
18%
18663 Casavatore
18%
58456 Casoria
18%
21881 Castel Volturno
18%
29822 Frattamaggiore
18%
15487 Frattaminore
18%
29082 Gragnano
18%
18564 Ischia
18%
1862 Lacedonia
18%
34546 Maddaloni
18%
49920 Marano di Napoli
18%
40239 Marcianise
18%
29901 Marigliano
18%
2630 Marina
18%
36933 Melito di Napoli
18%
8473 Mercato
18%
7392 Mercogliano
18%
26076 Mondragone
18%
12975 Monte di Procida
18%
34231 Mugnano di Napoli
18%
45086 Nocera Inferiore
18%
23452 Nocera Superiore
18%
24101 Nola
18%
23396 Ottaviano
18%
32835 Pagani
18%
12689 Palma Campania
18%
1566 Pietrelcina
18%
38921 Pomigliano d'Arco
18%
1717 Ponte
18%
11211 Pontecagnano
18%
55765 Portici
18%
2334 Positano
18%
10228 Procida
18%
23752 Qualiano
18%
37683 Quarto
18%
1523 Ravello
18%
16571 San Felice A Cancello
18%
10684 San Gennaro Vesuviano
18%
1496 San Giorgio
18%
26888 San Giuseppe Vesuviano
18%
1181 San Marco
18%
1055 San Potito Ultra
18%
4197 Sant'Agata Dè Goti
18%
1399 Santa Lucia di Serino
18%
3784 Santa Maria
18%
31743 Santa Maria Capua Vetere
18%
20733 Sant'Anastasia
18%
33561 Sant'Antimo
18%
4398 Sant'Antonio
18%
49264 Scafati
18%
5269 Sessa Aurunca
18%
32484 Somma Vesuviana
18%
5154 Teano
18%
5120 Telese
18%
43521 Torre Annunziata
18%
8446 Trecase
18%
2514 Tufino
18%
2872 Acerno
9%
1881 Aiello del Sabato
9%
7305 Airola
9%
1097 Alfano
9%
3302 Altavilla Irpina
9%
3628 Apice Nuovo
9%
34933 Arzano
9%
1199 Ascea
9%
1080 Atena Lucana
9%
2953 Bagnoli Irpino
9%
1145 Baia
9%
4726 Baiano
9%
9044 Barano d'Ischia
9%
12383 Baronissi
9%
10811 Bellizzi
9%
1836 Bisaccia Nuova
9%
1152 Bivio-Pratole
9%
15238 Brusciano
9%
1512 Caggiano
9%
2669 Caiazzo
9%
1688 Calabritto
9%
4348 Calitri
9%
1570 Calvanico
9%
11194 Calvizzano
9%
1026 Candida
9%
1827 Capaccio
9%
1502 Capitignano
9%
1139 Caposele
9%
1214 Carife
9%
1363 Casale
9%
45796 Casalnuovo di Napoli
9%
9969 Casaluce
9%
8011 Casamicciola Terme
9%
13179 Casandrino
9%
1617 Caselle in Pittari
9%
1429 Castelvenere
9%
1216 Castiglione del Genovesi
9%
1105 Celle di Bulgheria
9%
5765 Cellole
9%
1334 Centola
9%
17821 Cercola
9%
1998 Cerreto Sannita
9%
12639 Cicciano
9%
1010 Cusano Mutri
9%
1775 Dragonea
9%
4087 Faiano
9%
1354 Flumeri
9%
2008 Fontanarosa
9%
15969 Forio
9%
1244 Fuorni
9%
2004 Gesualdo
9%
5378 Grazzanise
9%
5355 Grottaminarda
9%
4671 Guardia Sanframondi
9%
1124 Lapio
9%
1435 | 2830 Lauro
9%
1199 Laviano
9%
1600 Licusati
9%
2668 Limatola
9%
4847 Lioni
9%
1118 Luogosano
9%
14107 Lusciano
9%
1933 Macchia
9%
5268 Maiori
9%
1144 Malche-Santa Croce-Serroni
9%
1211 Manocalzati
9%
6509 Mariglianella
9%
2674 Marina di Camerota
9%
1263 Marina di Casal Velino
9%
5573 Massa di Somma
9%
10192 Massa Lubrense
9%
7598 Meta
9%
2822 Minori
9%
2375 Mirabella Eclano
9%
1284 Molinara
9%
2187 Montecalvo Irpino
9%
7972 Montecorvino Rovella
9%
9189 Monteforte Irpino
9%
7199 Montella
9%
1060 Montemarano
9%
2495 Montemiletto
9%
10516 Montesarchio
9%
3622 Monticelli
9%
5312 Mugnano del Cardinale
9%
2051 Oliveto Citra
9%
24750 Orta di Atella
9%
2688 Padula
9%
1736 Pagliarone
9%
1054 Palinuro
9%
1671 Pannarano
9%
2434 Pezzano-Filetta
9%
7253 Pianillo
9%
4745 Piano
9%
1620 Piedimonte
9%
1525 Piegolelle-San Bartolomeo
9%
1054 Pietradefusi
9%
19451 Poggiomarino
9%
1625 Policastro Bussentino
9%
5182 Polla
9%
11880 Pollena Trocchia
9%
2087 Praiano
9%
2273 Prata di Principato Ultra
9%
2146 Pratola Serra
9%
2923 Pratole
9%
1075 Prepezzano
9%
1039 Pugliano
9%
1893 Quadrelle
9%
6061 Quadrivio
9%
1731 Quindici
9%
6821 Roccarainola
9%
1655 Rofrano
9%
6237 Sala
9%
11734 Sala Consilina
9%
1557 Salitto-Valle
9%
13416 San Cipriano d'Aversa
9%
2475 San Cipriano Picentino
9%
45463 San Giorgio a Cremano
9%
8579 San Giorgio del Sannio
9%
1897 San Giovanni A Piro
9%
1077 San Lorenzo
9%
2000 San Mango Piemonte
9%
12558 San Marcellino
9%
2025 San Marco dei Cavoti
9%
2650 San Martino Valle Caudina
9%
1305 San Michele di Serino
9%
3422 San Paolo Bel Sito
9%
2898 San Pietro
9%
1136 San Potito Sannitico
9%
2184 San Salvatore Telesino
9%
9167 San Sebastiano al Vesuvio
9%
7674 Sant'Agnello
9%
11210 Santa Maria la Carità
9%
1608 Sant'Andrea di Conza
9%
1245 Sant'Angelo
9%
18859 Sant'Antonio Abate
9%
12026 Sant'Arpino
9%
1473 Santa Tecla-Castelpagano
9%
28837 Sarno
9%
13110 Saviano
9%
1124 Scario
9%
4209 Scisciano
9%
2075 Serre
9%
11886 Solofra
9%
2993 Solopaca
9%
7175 Sparanise
9%
1834 Sturno
9%
1913 Taurasi
9%
1067 Teora
9%
17138 Terzigno
9%
1405 Torre Orsaia
9%
1760 Vallata
9%
6899 Vallo della Lucania
9%
1488 Albanella
0%
3477 Alife
0%
1397 Altavilla Silentina
0%
3067 Alvignano
0%
2024 Amodio-Massariola
0%
2218 Amorosi
0%
1435 Andretta-Mattinella
0%
3596 Annunziata
0%
3416 Antessano
0%
9779 Ariano Irpino-Martiri
0%
5333 Arienzo
0%
2583 Arola-Preazzano
0%
1886 Arpaia
0%
19988 Arpino
0%
1567 Auletta
0%
2102 Banzano
0%
1982 Baselice
0%
4727 Bellona
0%
1712 Beltiglio-San Giovanni
0%
2138 Bivio Santa Cecilia
0%
1114 Bonea
0%
1245 Bonito
0%
1353 Borgo
0%
5375 Bracigliano
0%
1041 Brezza
0%
1503 Bucciano
0%
2686 Buccino
0%
2013 Buonabitacolo
0%
1332 Buonalbergo
0%
5499 Calvi Risorta
0%
1752 Camigliano
0%
1513 Campanarello
0%
5309 Camposano
0%
4256 Cancello-Arnone
0%
1002 Cannalonga
0%
4243 Capaccio Scalo
0%
3023 Capezzano-Cologna
0%
2009 Capezzano Inferiore
0%
9654 Capodrise
0%
1195 Capriati A Volturno
0%
1260 Capriglia
0%
1772 Carano
0%
1960 Carbonara di Nola
0%
22239 Cardito
0%
1538 Carifi-Torello-Priscoli
0%
6875 Carinaro
0%
1198 Carinola
0%
13654 Casagiove
0%
1247 Casalbore
0%
1026 Casalbuono
0%
2761 Casali-San Potito
0%
2998 Casamarciano
0%
1539 Casanova
0%
6295 Casapesenna
0%
8113 Casapulla
0%
2548 Casarea
0%
1102 Cascano
0%
1649 Casola
0%
3699 Casola di Napoli
0%
1007 Castelcivita
0%
1102 Castelfranci
0%
1363 Castello del Matese
0%
7187 Castello di Cisterna
0%
1016 Castelpoto
0%
7038 Castel San Giorgio
0%
2001 Castel San Lorenzo
0%
1671 Castelvetere sul Calore
0%
1552 Cautano
0%
1942 Cervino
0%
8496 Cesa
0%
1657 Cesinali
0%
2034 Cetara
0%
1434 Chiusano di San Domenico
0%
7084 Cimitile
0%
1204 Colle Sannita
0%
1408 Colliano
0%
1022 Colli di Fontanelle
0%
2041 Contrada
0%
1865 Contursi Terme
0%
2768 Coperchia
0%
2045 Corbara
0%
1469 Country Park
0%
12249 Crispano
0%
7073 Curti
0%
1032 Domicella
0%
1201 Dugenta
0%
1772 Durazzano
0%
3640 Falciano del Massico
0%
1061 Faraldo-Nocelleto
0%
2573 Foglianise
0%
1010 Foiano di Val Fortore
0%
3401 Forino
0%
1119 Formicola
0%
1083 Fragneto Monforte
0%
1317 Franche
0%
2199 Frasso Telesino
0%
8487 Frignano
0%
10559 Gricignano di Aversa
0%
17879 Grumo Nevano
0%
4083 Lacco Ameno
0%
4554 Lago Patria
0%
5839 Lancusi-Penta-Bolano
0%
5673 Lanzara
0%
1624 Laura
0%
1056 Laurino
0%
2704 Licinella-Torre di Paestum
0%
1253 | 1425 Lido di Licola
0%
1679 Liveri
0%
1174 Luzzano
0%
1004 Maccoli-Perrillo
0%
10558 Macerata Campania
0%
3012 Marzanello
0%
1647 Marzano di Nola
0%
1038 Masseria Vecchia
0%
1233 Masseria Vecchia Ovest
0%
1887 Matinella
0%
11473 Mercato San Severino
0%
2060 Messercola
0%
1870 Mignano Monte Lungo
0%
2387 | 2670 Moiano
0%
1611 Moio della Civitella-Pellare
0%
2273 Montedecoro
0%
1876 Montefalcione
0%
1650 Montefalcone di Val Fortore
0%
29125 Monterusciello
0%
1606 Monte San Giacomo
0%
1569 Montesano sulla Marcellana
0%
1619 Morcone
0%
1627 Moschiano
0%
1415 Musci
0%
2374 Nocelleto
0%
2013 Novi Velia
0%
1783 Nusco
0%
1690 Ogliastro Cilento
0%
1300 Ospedaletto d'Alpinolo
0%
1870 Paduli
0%
1525 Pago del Vallo di Lauro
0%
1231 Pago Veiano
0%
1519 Paolisi
0%
10989 Parete
0%
2866 Pascarola
0%
2260 Passo di Mirabella-Pianopantano
0%
2586 Pastorano
0%
1724 Paternopoli
0%
1243 Pellezzano
0%
1125 Pesco Sannita
0%
1178 Petina
0%
1298 Piaggine
0%
1386 Piana di Monte Verna
0%
12317 Piano di Sorrento
0%
5742 Piazza del Galdo-Sant'Angelo
0%
1476 Piazza di Pandola
0%
4232 Piazza Roma
0%
4378 Piazza-Tralia-Pendolo
0%
4834 Piazzola
0%
1208 Piazzolla
0%
11220 Piedimonte Matese
0%
3894 Pietramelara
0%
2201 Pietravairano
0%
5783 Pignataro Maggiore
0%
1759 Polvica
0%
1046 Pontelandolfo
0%
7381 Portico di Caserta
0%
1080 Postiglione
0%
3267 Prato Perillo
0%
7553 Recale
0%
1425 Rettifilo-Vannullo
0%
1717 Riardo
0%
1191 Ricigliano
0%
2686 Roccadaspide
0%
2338 Roccamonfina
0%
6363 Roccapiemonte
0%
3009 Rotondi
0%
4465 San Bartolomeo in Galdo
0%
1076 San Castrese
0%
1199 San Giorgio la Molara
0%
3383 San Gregorio Magno
0%
1606 San Leucio del Sannio-Cavuoti
0%
1834 San Lorenzo Maggiore
0%
6296 San Marco Evangelista
0%
9449 San Marzano sul Sarno
0%
21147 San Nicola la Strada
0%
1117 San Pietro al Tanagro
0%
11869 San Prisco
0%
14095 Santa Maria A Vico
0%
2397 Santa Maria la Fossa
0%
4925 San Tammaro
0%
3763 Sant'Andrea-Pizzone-Ciamprisco
0%
2104 Sant'Angelo dei Lombardi
0%
2616 Sant'Angelo in Formis
0%
2731 Sant'Arsenio
0%
7564 Sant'Egidio del Monte Albino
0%
9300 San Valentino Torio
0%
6072 San Vitaliano
0%
2247 Sanza
0%
2067 Sassano
0%
1139 Scala
0%
1697 Serrara Fontana
0%
9855 Siano
0%
1310 Sicignano degli Alburni
0%
2878 Sirignano
0%
1172 Spartimento
0%
3599 Sperone
0%
3135 Starza Vecchia
0%
7639 Striano
0%
8148 Succivo
0%
1600 Taurano
0%
2103 Teggiano-Macchiaroli
0%
12175 Teverola
0%
2762 Torchiati
0%
4380 Torelli-Torrette
0%
3570 Torre Caracciolo
0%
1121 Torrecuso
0%
4383 Torretta-Scalzapecora
0%
1491 Trentinara
0%
17056 Trentola-Ducenta
0%
9509 Trescine
0%
2963 Vairano-Patenora
0%
2188 Valle di Maddaloni
0%
7422 Varcaturo
0%
No matching quizzes found
Score Distribution
Percent of People with Each Score
Percentile by Number Answered
Your Score History
You have not taken this quiz